000
00517nam a2200133Ia 4500
008
100328s9999 xx 000 0 und d
082
_b
34099
100
_a
कुलकर्णी प्रि.खं.
245
_a
ऊर्जा प्रश्न आशा उद्याच्या
260
_b
राजहंस
630
_a
ऊर्जा प्रश्न आशा उद्याच्या
730
_a
ऊर्जा प्रश्न आशा उद्याच्या
942
_c
BOOK
999
_c
524350
_d
524347